000 00636nam a2200217Ia 4500
003 IN-BaIIA
008 211028s9999 xx 000 0 eng d
020 _a0-07-041187
040 _cIIA Library
080 _a681.31
_bPET
100 _aPetersen, R.
_927649
245 0 _aRed rat linux
_bThe complete reference
_cR. Petersen
260 _aNew Delhi
_bTata McGraw-Hill
_c2000
300 _axxx,926p.
650 _aGnome
_927650
650 _aKDE Desktop
_927651
650 _aLinux Software
_927652
650 _aLinux Systems
_927653
650 _aXconfigurator
_927654
942 _cBK
999 _c15129
_d15129